000
00299 a2200145 4500
001
180768
020
_a
040
_c
Magnum
100
_a
La Fontaine
240
1
0
_a
O sapateiro remendao
_l
por
245
1
0
_a
O sapateiro remendao
362
0
_a
1899
697
_a
MAGNITO: I/FABULAS
942
_c
BK
999
_c
180768
_d
180768